000 00653nam a2200181Ia 4500
003 IN-BaIIA
008 211028s9999 xx 000 0 eng d
040 _cIIA Library
080 _a082.2:52
_bIAU-C15
100 _aBasinska-Grzesik, E
_910341
111 _aColloquium on New Directions and New Frontiers in Variable Star Research
_910342
245 0 _aChemical and dynamical evolution of our galaxy
_cE. Basinska-Grzesik
260 _aSauverny
_bGeneva Observatory
_c1977
300 _a[various pagings.]
650 _aAstronomy and astrophysics thesaurus
650 _aGalaxies evolution
_910343
942 _cBK
999 _c5962
_d5962